[Event "AUT Bundesliga 2021-22"]
[Site "Graz"]
[Date "2022.04.21"]
[Round "9.15"]
[White "Mira, Helene"]
[Black "Schwabeneder, Florian"]
[Result "1/2-1/2"]
[WhiteElo "2090"]
[BlackElo "2437"]
[Annotator "TA"]
[PlyCount "99"]
[EventDate "2021.01.17"]
[EventType "team-tourn"]
[EventCountry "AUT"]
[SourceTitle "playchess.com"]
[Source "ChessBase"]
[SourceQuality "1"]
[TimeControl "40/5400+30:1800+30"]

{[%evp 17,99,0,7,0,6,7,1,6,65,72,68,47,47,43,60,41,63,56,58,47,60,27,28,37,36,37,38,25,24,0,0,0,0,-68,-36,-78,-78,-62,-57,-61,0,-7,16,-108,-55,-108,-117,-216,-138,-206,-204,-317,-325,-303,-299,-444,-131,-143,-124,-129,-128,-115,-129,-120,-113,-119,-88,-103,-13,-20,-19,-22,-22,-30,-30,-30,-30,-47,-47,-43,-48,-61,0,0]} 1. d4 {[%emt 0:00:11]} Nf6 {[%emt 0:00:29]} 2. c4 {[%emt 0:00:25]} e6 {[%emt 0:00:35]} 3. Nc3 {[%emt 0:00:43]} Bb4 {[%emt 0:02:03]} 4. Bd2 {[%emt 0:01:22]} d5 {[%emt 0:00:50]} 5. e3 {[%emt 0:00:06]} O-O {[%emt 0:00:09]} 6. Nf3 {[%emt 0:00:09]} b6 {[%emt 0:00:30]} 7. Bd3 {[%emt 0:00:34]} dxc4 {[%emt 0:08:47]} 8. Bxc4 {[%emt 0:00:11]} Bb7 {[%emt 0:00:06]} 9. O-O {[%emt 0:00:11]} Nbd7 {[%emt 0:01:42]} 10. Qe2 {[%emt 0:07:45] E52: Nimzo-Indian: Rubinstein: 4...0-0 5 Nf3 d5 6 Bd3 b6.} a6 {[%emt 0:11:44]} 11. a3 {[%emt 0:02:35]} Bd6 {[%emt 0:02:55]} 12. e4 {[%emt 0:00:13]} e5 {[%emt 0:00:09]} (12... c5 $1 $11) 13. d5 $14 {[%emt 0:00:31] [#] &Bianco is more active.} Re8 $146 {[%emt 0:08:27]} ({Predecessor:} 13... b5 14. Ba2 c6 15. dxc6 Bxc6 16. Rfd1 Bc5 17. Bg5 Qb6 18. Bxf6 Nxf6 19. Nxe5 Bb7 {0-1 (65) Quiroga,F (2300)-Bronstein,L (2415) Buenos Aires 1996}) 14. g3 {[%emt 0:05:50]} b5 {[%emt 0:07:18]} 15. Ba2 {[%emt 0:00:31]} Nf8 {[%emt 0:06:56]} 16. Nh4 {[%emt 0:00:11]} Bc8 {[%emt 0:00:12]} 17. b4 {[%emt 0:04:35]} Ng6 {[%emt 0:01:02]} 18. Nxg6 {[%emt 0:00:20]} hxg6 {[%emt 0:00:13]} 19. Bg5 {[%emt 0:07:05]} Bh3 {[%emt 0:05:47]} 20. Rfc1 {[%emt 0:00:32]} Qd7 {[%emt 0:00:22]} 21. f3 {[%emt 0:00:11]} Nh7 {[%emt 0:03:57]} 22. Be3 {[%emt 0:00:09]} f5 {[%emt 0:02:44]} 23. Nd1 {[%emt 0:00:05]} fxe4 {[%emt 0:00:41]} 24. fxe4 {[%emt 0:00:23]} Bg4 {[%emt 0:00:14]} 25. Qg2 {[%emt 0:00:50]} (25. Qd3 $11) 25... Rf8 {[%emt 0:00:42]} (25... a5 $5 {[%cal Re8f8]}) 26. Nf2 {[%emt 0:00:07] Inhibits Bh3.} Bf3 {[%emt 0:00:10]} 27. Qh3 {[%emt 0:01:04]} Qxh3 {[%emt 0:01:14]} 28. Nxh3 {[%emt 0:00:09][%cal Oc1c7]} Bxe4 {[%emt 0:00:32]} (28... a5 $1 $15 29. Bd2 (29. Nf2 $2 axb4 30. axb4 Ra3 $19) 29... axb4 30. Bxb4 Nf6) 29. Nf2 {[%emt 0:00:16]} Bf3 {[%emt 0:00:46] [#]} 30. Bc5 {[%emt 0:02:28]} (30. Rxc7 $1 $11 Bxc7 (30... a5 31. Bc5) 31. d6+ Kh8 32. dxc7) 30... Nf6 $36 {[%emt 0:02:29][%mdl 2048] Black has the initiative.} ({Better is} 30... g5 $17 31. Bb3 Nf6) 31. Bxd6 {[%emt 0:00:17]} (31. Rc3 $1 $15 e4 32. Re1) 31... cxd6 $17 {[%emt 0:00:02]} 32. Rc6 {[%emt 0:00:09]} (32. Rc3 $17 e4 33. Re1) 32... Rfd8 {[%emt 0:00:19]} ({Weaker is} 32... Bxd5 33. Bxd5+ Nxd5 34. Rxd6 $11) ({Don't play} 32... Nxd5 33. Rc3 (33. Rxd6 Rad8 $16) 33... Rad8 34. Rxf3 $1 {[%mdl 512]} Rxf3 35. Bxd5+ Rf7 36. Rc1 $18 (36. Bxf7+ Kxf7 37. Rc1 Ke6 $18)) 33. Rac1 {[%emt 0:00:33]} (33. Re1 $17) 33... a5 $19 {[%emt 0:04:58]} ({And not} 33... Bxd5 34. Bxd5+ Nxd5 35. Ne4 $15) 34. R1c3 {[%emt 0:05:27]} (34. bxa5 $142 Rxa5 35. R1c3 Bxd5 36. Bxd5+ Nxd5 37. Rd3) 34... Bxd5 {[%emt 0:01:42]} 35. Bxd5+ {[%emt 0:00:27]} Nxd5 {[%emt 0:00:08]} 36. Rd3 {[%emt 0:00:12] [#]} (36. Rb3 $142 axb4 37. axb4) 36... Nf6 $2 {[%emt 0:00:15]} (36... axb4 $1 $19 {is more deadly.} 37. Rxd5 bxa3) 37. Rdxd6 $17 {[%emt 0:01:01]} Rxd6 {[%emt 0:00:17]} 38. Rxd6 {[%emt 0:00:08]} axb4 {[%emt 0:00:38]} 39. axb4 {[%emt 0:00:09][%mdl 4096] Endgame KRN-KRN} Ra1+ $1 {[%emt 0:03:42]} 40. Kg2 {[%emt 0:00:00] [#]} Ra2 $1 {[%emt 0:00:00]} 41. Kg1 {[%emt 0:02:16]} e4 {[%emt 0:03:01]} 42. Rb6 {[%emt 0:05:09] [#]} Rd2 {[%emt 0:05:13]} ({Black should play} 42... e3 $1 $17 {[%cal Re3f2]} 43. Nd3 Rd2) 43. Nh3 $11 {[%emt 0:05:13]} e3 {[%emt 0:09:57] aiming for ...Rd1+.} 44. Ng5 {[%emt 0:18:51] Rb8+ would kill now.} Kf8 {[%emt 0:00:41] Hoping for ...Rd1+.} 45. Re6 {[%emt 0:07:38]} Rb2 {[%emt 0:04:16]} 46. Rxe3 {[%emt 0:01:42]} Rxb4 {[%emt 0:00:09]} 47. Kg2 {[%emt 0:03:03]} Rb2+ {[%emt 0:02:01]} 48. Kf3 {[%emt 0:00:13]} b4 {[%emt 0:00:27]} 49. h4 {[%emt 0:00:22]} b3 {[%emt 0:01:32]} ({Black should try} 49... Ra2 $15) 50. Ne6+ {[%emt 0:01:11] And White is the lucky defender.  Weighted Error Value: White=0.25 (precise) /Black=0.27 (precise)} 1/2-1/2

[Event "AUT Bundesliga 2021-22"]
[Site "Graz"]
[Date "2022.04.21"]
[Round "9.16"]
[White "Leisch, Lukas"]
[Black "Kozissnik, Christian"]
[Result "1-0"]
[WhiteElo "2403"]
[BlackElo "2018"]
[Annotator "TA"]
[PlyCount "121"]
[EventDate "2021.01.17"]
[EventType "team-tourn"]
[EventCountry "AUT"]
[SourceTitle "playchess.com"]
[Source "ChessBase"]
[SourceQuality "1"]
[TimeControl "40/5400+30:1800+30"]

{[%evp 11,121,0,0,0,2,0,0,-2,0,-35,-21,-22,-19,-10,0,0,0,-28,-11,-37,3,-81,-68,-73,-65,-85,-87,-115,-114,-189,-94,-98,-79,-96,-60,-58,-22,-38,-37,-39,4,0,17,10,14,3,44,42,36,29,40,0,43,41,45,56,41,38,21,35,142,36,131,110,115,0,331,300,515,495,780,719,920,878,827,827,29968,29969,29968,29971,29970,29971,29972,29973,29973,29974,29974,29974,29975,29976,29976,29973,29976,29977,29979,29980,29980,29981,29981,29982,29982,29983,29984,29985,29985,29986,29986,29987,29987,29985,29985,29983]} 1. Nf3 {[%emt 0:00:03]} Nf6 {[%emt 0:01:12]} 2. b3 {[%emt 0:00:39]} g6 {[%emt 0:01:30]} 3. Bb2 {[%emt 0:00:09]} Bg7 {[%emt 0:00:02]} 4. g3 {[%emt 0:01:20]} O-O {[%emt 0:00:39]} 5. Bg2 {[%emt 0:00:08]} c5 {[%emt 0:05:03]} 6. O-O {[%emt 0:07:27]} d5 {[%emt 0:05:48]} 7. e3 {[%emt 0:01:57] A05: Réti Opening: 1 Nf3 Nf6.} Bg4 {[%emt 0:01:38]} 8. h3 {[%emt 0:00:39]} Bxf3 {[%emt 0:03:50]} 9. Qxf3 {[%emt 0:01:24] The position is equal.} Nc6 {[%emt 0:01:42] [#]} 10. d4 $146 {[%emt 0:05:00]} ({Predecessor:} 10. d3 e5 11. Nd2 Qe7 12. e4 d4 13. a4 Ne8 14. Nc4 Nd6 15. Qe2 Nxc4 16. bxc4 {½-½ (63) Ooi,Z (2123)-Javanbakht,N (2472) Chess.com INT 2020}) 10... cxd4 {[%emt 0:02:43]} (10... Ne4 $5 {[%cal Rc5d4]} 11. c4 e6 $15) 11. exd4 {[%emt 0:00:12]} Qd7 {[%emt 0:01:10]} 12. Nd2 {[%emt 0:04:10]} e6 {[%emt 0:05:03]} 13. Qe2 {[%emt 0:12:40]} Rfc8 {[%emt 0:18:09]} 14. Kh2 {[%emt 0:01:11]} b5 {[%emt 0:04:28]} 15. c3 {[%emt 0:09:13]} b4 {[%emt 0:05:31]} 16. cxb4 {[%emt 0:01:17]} (16. c4 $1 $11) 16... Nxb4 {[%emt 0:00:06]} 17. a3 $1 {[%emt 0:00:49] [#]} Nc6 {[%emt 0:17:52]} (17... Rc2 18. Rab1 Nc6 19. Rfc1 (19. Qd3 Rxb2 20. Rxb2 Nxd4 $11) 19... Rxc1 20. Rxc1 $11) 18. b4 {[%emt 0:00:38]} Ne8 {[%emt 0:00:18][%cal Bf6e8,Be8d6,Bd6b7][%mdl 32]} 19. Qd3 {[%emt 0:02:26]} Nd6 {[%emt 0:00:39]} 20. Rac1 {[%emt 0:01:50] [#]} (20. Rfb1 $17 {was worth a try.}) 20... Ne7 {[%emt 0:02:50]} (20... a5 $1 $19 21. bxa5 (21. b5 $2 Nxb5 22. Nf3 Nd6 $19) 21... Rxa5) 21. Rfd1 {[%emt 0:10:20]} Rxc1 {[%emt 0:01:19]} 22. Rxc1 {[%emt 0:04:15]} Rc8 {[%emt 0:00:02]} 23. Rc5 {[%emt 0:06:31]} Nb7 {[%emt 0:02:18]} 24. Rc3 {[%emt 0:02:05]} Rxc3 {[%emt 0:01:59]} 25. Qxc3 {[%emt 0:00:09]} Qc6 {[%emt 0:00:13]} 26. Bf1 {[%emt 0:03:43]} Kf8 {[%emt 0:04:59]} 27. b5 {[%emt 0:03:45]} Qxc3 {[%emt 0:00:08]} 28. Bxc3 {[%emt 0:00:02]} Nf5 {[%emt 0:02:07]} 29. Nb3 {[%emt 0:01:51]} Ke8 {[%emt 0:00:17]} 30. g4 {[%emt 0:03:13]} Nfd6 {[%emt 0:00:11]} 31. f3 {[%emt 0:00:16]} Kd7 {[%emt 0:02:19]} (31... Nc4 $5 {[%cal Rc4a3]}) 32. a4 {[%emt 0:01:01]} Nc4 {[%emt 0:00:45]} 33. Bxc4 {[%emt 0:08:12]} dxc4 $14 {[%emt 0:00:03][%mdl 4096] Endgame KBN-KBN} 34. Nd2 {[%emt 0:00:08]} Nd6 {[%emt 0:00:01]} 35. Kg3 {[%emt 0:00:11]} g5 {[%emt 0:06:11]} (35... h5 $14) 36. h4 {[%emt 0:02:24]} (36. Kf2 $16) 36... h6 {[%emt 0:00:53]} (36... gxh4+ $14 37. Kxh4 Bh6) 37. hxg5 {[%emt 0:00:55]} hxg5 {[%emt 0:00:03]} 38. Ne4 {[%emt 0:00:19]} (38. Kf2 $16) 38... Nxe4+ $2 {[%emt 0:02:54][%mdl 8192] Black is on the road to losing.} (38... Nc8 $11 {and Black stays safe.}) 39. fxe4 $11 {[%emt 0:00:02][%cal Bf3e4,Be4e5][%mdl 32] KB-KB} Kc8 $2 {[%emt 0:01:59]} (39... f6 40. e5 fxe5) 40. Kf3 $18 {[%emt 0:00:00]} Kb7 {[%emt 0:00:00]} (40... Kd7 $142 41. e5 f6) 41. e5 {[%emt 0:22:00]} a6 {[%emt 0:19:17]} 42. bxa6+ {[%emt 0:00:13]} Kxa6 {[%emt 0:00:02]} 43. Ke4 {[%emt 0:00:46] d5 is the strong threat.} f6 {[%emt 0:10:07]} 44. d5 {[%emt 0:07:44] White mates.} exd5+ {[%emt 0:01:05]} 45. Kxd5 {[%emt 0:00:02]} fxe5 {[%emt 0:00:38]} 46. Kxc4 {[%emt 0:00:01]} Bf8 {[%emt 0:00:22]} 47. Kd5 {[%emt 0:00:17]} Bh6 {[%emt 0:01:54]} 48. Bd2 {[%emt 0:01:07]} Bg7 {[%emt 0:01:10]} 49. Ke4 {[%emt 0:01:27]} Bf6 {[%emt 0:00:37]} 50. Kf5 {[%emt 0:00:12][%csl LRf6,LRg5]} Bd8 {[%emt 0:00:46]} 51. Kxe5 {[%emt 0:00:23]} Bc7+ {[%emt 0:00:12]} 52. Kf5 {[%emt 0:00:33]} Bd8 {[%emt 0:00:15]} 53. Bxg5 {[%emt 0:00:52]} Bb6 {[%emt 0:00:36]} 54. Bd2 {[%emt 0:00:22]} Bd8 {[%emt 0:00:03]} 55. Bc3 {[%emt 0:00:19]} ({Inferior is} 55. g5 Bxg5 56. Kxg5 Kb7 $11) 55... Be7 {[%emt 0:00:44]} 56. Bf6 {[%emt 0:00:11]} ({Not} 56. g5 Bxg5 57. Kxg5 Kb7 $11) 56... Bf8 {[%emt 0:00:15]} 57. g5 {[%emt 0:00:25][%cal Bg4g5,Bg5g6][%mdl 32]} Bc5 {[%emt 0:00:43]} 58. g6 {[%emt 0:00:14]} Bf8 {[%emt 0:00:15]} 59. Ke6 {[%emt 0:00:27]} Bh6 {[%emt 0:00:51]} 60. Kf7 {[%emt 0:00:23]} Ka5 {[%emt 0:00:04] [#]} 61. Bg5 $1 {[%emt 0:00:28][%mdl 512] Weighted Error Value: White=0.17 (very precise) /Black=0.41} 1-0

[Event "AUT Bundesliga 2021-22"]
[Site "Graz"]
[Date "2022.04.21"]
[Round "9.17"]
[White "Amann, Harald"]
[Black "Webersberger, Johann"]
[Result "0-1"]
[WhiteElo "1913"]
[BlackElo "2321"]
[Annotator "TA"]
[PlyCount "74"]
[EventDate "2021.01.17"]
[EventType "team-tourn"]
[EventCountry "AUT"]
[SourceTitle "playchess.com"]
[Source "ChessBase"]
[SourceQuality "1"]
[TimeControl "40/5400+30:1800+30"]

{[%evp 12,74,29,-31,-16,-28,-15,-32,-43,-32,-21,-27,-27,-20,-20,-22,-29,-36,0,-2,-6,-42,-14,-14,-16,-14,-9,-28,11,-20,-11,0,-3,-25,-24,-20,-21,-29,0,-16,13,0,7,-15,9,-41,-25,-45,-38,-55,-12,-11,-17,-17,-11,-50,-31,-71,-60,-106,-6,-125,-126,-352,-355]} 1. d4 Nf6 2. c4 {[%emt 0:00:27]} g6 {[%emt 0:00:31]} 3. Nc3 {[%emt 0:00:16]} d5 {[%emt 0:00:13]} 4. Nf3 {[%emt 0:05:31]} Bg7 {[%emt 0:01:43]} 5. Bf4 {[%emt 0:11:38]} O-O {[%emt 0:08:06]} 6. e3 {[%emt 0:00:07]} c5 {[%emt 0:01:39]} 7. h3 {[%emt 0:05:55]} (7. dxc5 $11 Qa5 8. Rc1 (8. cxd5 Nxd5 9. Be5 Nxc3 $15)) 7... Nc6 {[%emt 0:07:18] D92: Grünfeld: 4 Nf3 Bg7 5 Bf4.} 8. Be2 {[%emt 0:03:34]} cxd4 {[%emt 0:06:36]} 9. exd4 {[%emt 0:01:46]} dxc4 {[%emt 0:02:51] Black is slightly better.} 10. Bxc4 {[%emt 0:01:30]} Na5 {[%emt 0:00:47]} 11. Be2 {[%emt 0:07:44]} Be6 {[%emt 0:02:06][%cal Bc8e6,Be6d5,Bd5c6][%mdl 32]} 12. O-O {[%emt 0:05:23]} Nd5 {[%emt 0:06:47]} 13. Be5 {[%emt 0:04:42]} Bh6 {[%emt 0:09:38] [#]} 14. Ne4 $146 {[%emt 0:16:45]} ({Predecessor:} 14. Nh2 Nxc3 15. bxc3 Rc8 16. Bf3 f6 17. Bg3 Bd5 18. Ng4 Bg7 19. Bxd5+ Qxd5 20. Re1 {0-1 (50) Schulz,M (2239)-Meister,J (2479) Berlin 2012}) 14... Nf4 {[%emt 0:13:42]} 15. Bxf4 {[%emt 0:05:47]} Bxf4 {[%emt 0:00:33]} 16. Qa4 {[%emt 0:00:20]} Bd5 {[%emt 0:12:05]} 17. Nc3 {[%emt 0:01:39]} Bc6 {[%emt 0:05:41] A strong pair of Bishops.} 18. Qc2 {[%emt 0:00:44]} Rc8 {[%emt 0:05:41]} 19. Rad1 {[%emt 0:03:35]} Bd5 {[%emt 0:05:12]} 20. Qb1 {[%emt 0:03:52]} Nc4 {[%emt 0:04:05] Threatening ...Bxf3.} 21. Rfe1 {[%emt 0:02:16]} e6 {[%emt 0:01:10]} 22. Nxd5 {[%emt 0:10:25]} Qxd5 {[%emt 0:00:01]} 23. Bd3 {[%emt 0:00:23]} Rfd8 {[%emt 0:01:04]} 24. Be4 {[%emt 0:04:08]} Qb5 {[%emt 0:00:31]} 25. b3 {[%emt 0:01:07]} Na3 {[%emt 0:01:20]} 26. Qb2 {[%emt 0:00:01]} Nc4 {[%emt 0:00:19]} 27. Qb1 {[%emt 0:00:01]} Nd6 {[%emt 0:01:07]} 28. Bd3 {[%emt 0:00:01]} (28. d5 $11 exd5 29. Bxd5) 28... Qa5 {[%emt 0:01:03]} 29. g3 {[%emt 0:02:57]} Bh6 {[%emt 0:00:08]} 30. Ne5 {[%emt 0:00:22]} Nb5 {[%emt 0:00:50]} 31. Bxb5 {[%emt 0:01:02]} Qxb5 {[%emt 0:00:02]} 32. Qe4 {[%emt 0:00:02]} Qd5 {[%emt 0:00:38]} 33. Qe2 {[%emt 0:00:32]} (33. Qh4 $5 {[%cal Rh4h6]} Bg7 34. Qf4 $11) 33... Rc7 {[%emt 0:00:46]} 34. Ng4 {[%emt 0:00:49]} Bg7 {[%emt 0:00:59] Prevents Nf6+.} 35. Ne3 {[%emt 0:00:02] [#]} (35. Ne5 $15) 35... Qe4 {[%emt 0:00:09] &Nero is more active.} ({Black should play} 35... Qc6 $1 $17 36. Ng4 Bxd4) 36. f3 {[%emt 0:00:45]} (36. d5 $1 $11) 36... Qc6 $17 {[%emt 0:00:08]} 37. Qd3 $2 {[%emt 0:00:25]} (37. Rd2 $17 {is a better defense.}) 37... Qxf3 {[%emt 0:00:20] Weighted Error Value: White=0.25 (precise) /Black=0.17 (very precise)} 0-1

[Event "AUT Bundesliga 2021-22"]
[Site "Graz"]
[Date "2022.04.21"]
[Round "9.19"]
[White "Krassowizkij, Jaroslaw"]
[Black "Lenic, Luka"]
[Result "0-1"]
[WhiteElo "2449"]
[BlackElo "2634"]
[Annotator "TA"]
[PlyCount "94"]
[EventDate "2021.01.17"]
[EventType "team-tourn"]
[EventCountry "AUT"]
[SourceTitle "playchess.com"]
[Source "ChessBase"]
[SourceQuality "1"]
[TimeControl "40/5400+30:1800+30"]

{[%evp 17,94,0,50,53,58,24,13,19,7,-17,-17,-13,-8,-20,-26,-17,0,0,51,17,52,0,7,0,0,-7,0,0,0,-15,-12,-14,0,-17,-17,-64,-69,-68,-89,-119,-116,-171,-164,-267,-258,-245,-261,-261,-238,-258,-208,-224,-233,-225,-197,-197,-194,-194,-172,-188,-189,-190,-179,-239,-217,-263,-260,-256,-255,-351,-350,-350,-348,-339,-331,-647,-647,-668,-637]} 1. d4 {[%emt 0:00:03]} Nf6 {[%emt 0:01:26]} 2. c4 {[%emt 0:00:06]} e6 {[%emt 0:00:04]} 3. Nc3 {[%emt 0:00:08]} Bb4 {[%emt 0:02:24]} 4. Qc2 {[%emt 0:00:10]} O-O {[%emt 0:04:48]} 5. a3 {[%emt 0:00:12]} Bxc3+ {[%emt 0:00:20]} 6. Qxc3 {[%emt 0:00:04]} b6 {[%emt 0:03:21]} 7. Bg5 {[%emt 0:00:20]} Bb7 {[%emt 0:00:35]} 8. e3 {[%emt 0:00:22]} d6 {[%emt 0:00:34]} 9. f3 {[%emt 0:00:20] is the legacy move (9.Ne2).} c5 {[%emt 0:09:11]} (9... h6 $11 10. Bxf6 Qxf6) 10. dxc5 $14 {[%emt 0:00:33] E32: Nimzo-Indian: Classical (4 Qc2): 4...0-0.} bxc5 {[%emt 0:01:53]} 11. Bxf6 {[%emt 0:00:07]} Qxf6 {[%emt 0:01:13]} 12. Qxf6 {[%emt 0:00:05] The position is equal.} gxf6 {[%emt 0:00:03]} 13. O-O-O {[%emt 0:09:24]} Rd8 {[%emt 0:00:43]} 14. Ne2 {[%emt 0:00:17] [#]} Kf8 $146 {[%emt 0:03:30]} ({Predecessor:} 14... f5 15. Nc3 a6 16. Be2 Nc6 17. Rd2 Kf8 18. Kc2 Ke7 19. Rhd1 Rac8 20. Kb1 Ne5 {½-½ (64) Spata,G (2281)-Mayorga,N (2319) Buenos Aires 2016}) 15. Nc3 {[%emt 0:00:45]} Ke7 {[%emt 0:00:08]} 16. Be2 {[%emt 0:03:54]} Nd7 {[%emt 0:02:54]} 17. Rd2 {[%emt 0:00:22]} Nb6 {[%emt 0:16:59]} ({Black should play} 17... f5 $11) 18. Rhd1 {[%emt 0:09:07]} a6 {[%emt 0:01:15]} 19. b4 {[%emt 0:22:57]} (19. e4 $14) 19... cxb4 {[%emt 0:05:06]} 20. Rb2 {[%emt 0:13:44]} Rab8 {[%emt 0:12:43][%cal Ob7f3] ...Bxf3! is the strong threat.} 21. Rxb4 {[%emt 0:07:45]} Nd7 {[%emt 0:01:19]} 22. Kd2 {[%emt 0:00:57]} Bc6 {[%emt 0:00:13]} 23. Rdb1 {[%emt 0:00:09]} Rbc8 {[%emt 0:00:29]} 24. Ke1 {[%emt 0:09:34]} Rg8 {[%emt 0:02:10][%cal Bd8g8,Bg8g5,Bg5c5][%mdl 32]} 25. Kf2 {[%emt 0:06:02]} Rg5 {[%emt 0:00:13]} 26. Bd1 {[%emt 0:03:44]} (26. h3 $11 {is more appropriate.}) 26... Rc5 {[%emt 0:04:30]} 27. Na4 {[%emt 0:01:41]} Ra5 {[%emt 0:03:00] Black continues to play with concentration.} 28. f4 {[%emt 0:02:12]} f5 {[%emt 0:05:04]} 29. h3 {[%emt 0:02:25]} (29. Nb6 $17 Nxb6 30. Rxb6) 29... Nf6 $19 {[%emt 0:00:39] Threatens to win with ...Rg8.} 30. Nb6 {[%emt 0:04:10]} (30. Nc3 {keeps fighting.}) 30... Rg8 {[%emt 0:02:36]} 31. Bf3 {[%emt 0:00:02]} Ne4+ {[%emt 0:01:27]} ({Not} 31... Bxf3 32. gxf3 Rxa3 33. Ra4 $15) 32. Ke1 {[%emt 0:00:20]} Rxa3 {[%emt 0:01:09]} 33. R4b3 {[%emt 0:00:18]} Rxb3 {[%emt 0:01:02]} 34. Rxb3 {[%emt 0:00:01] [#]} Nc5 $1 {[%emt 0:00:23]} 35. Ra3 {[%emt 0:00:03] [#]} Rb8 $1 {[%emt 0:04:19]} 36. Bxc6 {[%emt 0:00:04] Hoping for Na4.} Rxb6 {[%emt 0:00:01][%mdl 4096] Endgame KRB-KRN} 37. Bf3 {[%emt 0:00:06]} Rb4 {[%emt 0:01:27]} 38. Be2 {[%emt 0:00:29]} Rb1+ {[%emt 0:03:05]} 39. Kf2 {[%emt 0:01:14]} Rb2 {[%emt 0:00:45]} 40. Ke1 {[%emt 0:00:00]} (40. Kf1 {is a better defense.}) 40... Kd7 {[%emt 0:00:00]} 41. g4 {[%emt 0:02:20]} fxg4 {[%emt 0:09:22]} 42. hxg4 {[%emt 0:00:01]} h6 {[%emt 0:00:18]} 43. g5 {[%emt 0:01:16]} hxg5 {[%emt 0:01:28]} 44. fxg5 {[%emt 0:00:01]} Rb8 {[%emt 0:02:06]} 45. Bh5 {[%emt 0:00:31]} Rg8 {[%emt 0:00:46]} 46. Bxf7 $2 {[%emt 0:00:19]} (46. g6) 46... Rxg5 {[%emt 0:00:04]} 47. Ra2 {[%emt 0:00:06]} Ke7 {[%emt 0:00:11] Weighted Error Value: White=0.29 (precise) /Black=0.10 (very precise)} 0-1